Χώρες του κόσμου με έναν άδειο χάρτη - Δύσκολη έκδοση - Statistics

General Stats
  • This quiz has been taken 97 times
  • The average score is 160 of 196
Answers on the Map
Answers color-coded by a green-red scale on the quiz's map according to % correct below.
 
Answer Stats
Χώρα % Correct
Γαλλία
100%
Κίνα
100%
Βουλγαρία
97%
Γερμανία
97%
Ιράκ
97%
Ιράν
97%
Ισπανία
97%
Ρωσία
97%
Τουρκία
97%
Αργεντινή
95%
Αυστραλία
95%
Γεωργία
95%
Ελλάδα
95%
Ηνωμένες Πολιτείες
95%
Ινδία
95%
Καναδάς
95%
Μεξικό
95%
Ουκρανία
95%
Βόρεια Κορέα
92%
Βενεζουέλα
92%
Βραζιλία
92%
Ιαπωνία
92%
Ισραήλ
92%
Καζακστάν
92%
Λετονία
92%
Λιθουανία
92%
Μογγολία
92%
Νέα Ζηλανδία
92%
Νότια Κορέα
92%
Πακιστάν
92%
Αζερμπαϊτζάν
89%
Αλβανία
89%
Αρμενία
89%
Αυστρία
89%
Αφγανιστάν
89%
Βόρεια Μακεδονία
89%
Βολιβία
89%
Δανία
89%
Εσθονία
89%
Ηνωμένο Βασίλειο
89%
Ινδονησία
89%
Ισημερινός
89%
Ισλανδία
89%
Ιταλία
89%
Λάος
89%
Λευκορωσία
89%
Μαρόκο
89%
Νορβηγία
89%
Παραγουάη
89%
Περού
89%
Πολωνία
89%
Πορτογαλία
89%
Ρουμανία
89%
Σαουδική Αραβία
89%
Σερβία
89%
Σουηδία
89%
Σρι Λάνκα
89%
Υεμένη
89%
Αίγυπτος
86%
Αλγερία
86%
Βέλγιο
86%
Γκάνα
86%
Ελβετία
86%
Ιρλανδία
86%
Κύπρος
86%
Κιργιζία
86%
Κολομβία
86%
Κροατία
86%
Λουξεμβούργο
86%
Μαυροβούνιο
86%
Μολδαβία
86%
Νίγηρας
86%
Νότια Αφρική
86%
Νεπάλ
86%
Νιγηρία
86%
Ολλανδία
86%
Ομάν
86%
Ουγγαρία
86%
Σλοβακία
86%
Σλοβενία
86%
Συρία
86%
Τατζικιστάν
86%
Τουρκμενιστάν
86%
Τσεχία
86%
Φινλανδία
86%
Χιλή
86%
Ανγκόλα
84%
Αϊτή
84%
Βιετνάμ
84%
Δημοκρατία του Κονγκό
84%
Ιορδανία
84%
Κούβα
84%
Λίβανος
84%
Λαϊκή Δημοκρατία του Κονγκό
84%
Λιβύη
84%
Μαλαισία
84%
Μιανμάρ
84%
Νότιο Σουδάν
84%
Ουζμπεκιστάν
84%
Ουρουγουάη
84%
Παναμάς
84%
Σουδάν
84%
Ταϊλάνδη
84%
Φίτζι
84%
Φιλιππίνες
84%
Ανδόρρα
81%
Βανουάτου
81%
Βοσνία και Ερζεγοβίνη
81%
Δομινίκα
81%
Ηνωμένα Αραβικά Εμιράτα
81%
Κόσοβο
81%
Κατάρ
81%
Κουβέιτ
81%
Μάλι
81%
Μάλτα
81%
Μονακό
81%
Παπούα Νέα Γουινέα
81%
Σενεγάλη
81%
Σουρινάμ
81%
Ταϊβάν
81%
Τυνησία
81%
Γουατεμάλα
78%
Γουιάνα
78%
Γουινέα
78%
Κιριμπάτι
78%
Λιβερία
78%
Μαλδίβες
78%
Μαυριτανία
78%
Μπανγκλαντές
78%
Νήσοι Σολομώντα
78%
Ονδούρα
78%
Τόνγκα
78%
Άγιος Μαρίνος
76%
Αιθιοπία
76%
Βατικανό
76%
Δομινικανή Δημοκρατία
76%
Ελ Σαλβαδόρ
76%
Κένυα
76%
Κόστα Ρίκα
76%
Καμπότζη
76%
Μπαχάμες
76%
Μπαχρέιν
76%
Μπενίν
76%
Μπουτάν
76%
Ναμίμπια
76%
Ναουρού
76%
Νικαράγουα
76%
Ομόσπονδες Πολιτείες της Μικρονησίας
76%
Σαμόα
76%
Σιγκαπούρη
76%
Τανζανία
76%
Τζαμάικα
76%
Τσαντ
76%
Ακτή Ελεφαντοστού
73%
Γκάμπια
73%
Ζιμπάμπουε
73%
Καμερούν
73%
Μπαρμπάντος
73%
Νήσοι Μάρσαλ
73%
Ρουάντα
73%
Σομαλία
73%
Τόγκο
73%
Τουβαλού
73%
Άγιος Χριστόφορος και Νέβις
70%
Γκαμπόν
70%
Κεντροαφρικανική Δημοκρατία
70%
Κομόρες
70%
Λεσότο
70%
Μαδαγασκάρη
70%
Μοζαμβίκη
70%
Παλάου
70%
Σεϋχέλλες
70%
Ανατολικό Τιμόρ
68%
Γουινέα-Μπισσάου
68%
Εσουατίνι
68%
Ζάμπια
68%
Λίχτενσταϊν
68%
Μπελίζ
68%
Γρενάδα
65%
Ερυθραία
65%
Μαλάουι
65%
Μαυρίκιος
65%
Μπουρκίνα Φάσο
65%
Μπρουνέι
65%
Ουγκάντα
65%
Αγία Λουκία
62%
Μποτσουάνα
62%
Μπουρούντι
62%
Πράσινο Ακρωτήριο
62%
Σάο Τομέ και Πρίνσιπε
62%
Σιέρα Λεόνε
62%
Τρινιντάντ και Τομπάγκο
62%
Άγιος Βικέντιος και Γρεναδίνες
59%
Τζιμπουτί
59%
Ισημερινή Γουινέα
57%
Αντίγκουα και Μπαρμπούντα
51%
No matching quizzes found
Score Distribution
Percent of People with Each Score
Percentile by Number Answered
Your Score History
You have not taken this quiz